000
00290nam a2200109Ia 4500
008
130524s9999 xx 000 0 und d
020
_a
9966788123
100
_a
"Oketch, Seth"
245
_a
"Understanding and treatment, drug abuse"
260
_b
Chez Promotion ltd
_c
c. 2008
300
_a
108
999
_c
25174
_d
25174